Asian Tourist Destinations Quiz - Statistics

General Stats
  • This quiz has been taken 34 times
    30 since last reset
  • The average score is 5 of 15
Answer Stats
Hint Answer % Correct
A white marble mausoleum in Agra, India. Taj Mahal
92%
A really long wall in Beijing. The Great Wall Of China
88%
A citadel first built by a Spanish conquistador, and shares the name of the capital city of Chile. Fort Santiago
54%
World's largest solid gold statue in Bangkok. Golden Buddha
54%
Twin skyscrapers in Kuala Lumpur. Petronas Towers
46%
The largest religious monument in the world in Cambodia. Angkor Wat
38%
Popular island resort of Singapore. Sentosa
23%
Broadcasting, restaurant, and observation tower in Tokyo. Also the tallest structure in Japan. Tokyo Skytree
23%
The highest point in Seoul, a tower used for communication. N Seoul Tower
12%
Vietnam's largest zoo and botanical garden. Saigon Zoo and Botanical Gardens
12%
A stupa in Kathmandu. Boudhanath Stupa
8%
A natural gas fire that has been burning constantly since Soviet engineers lit it in 1971 in Turkmenistan. The Door to Hell
8%
Incomplete 17th century fort complex in Dhaka. Lalbagh Fort
4%
The other name of "Beautiful Indonesia Miniature Park". Taman Mini Indonesia Indah
4%
Second tallest wood building in the world, in Almaty. Ascension Cathedral
0%
No matching quizzes found
Score Distribution
Percent of People with Each Score
Percentile by Number Answered
Your Score History
You have not taken this quiz since the last reset